Контроль хрома в опухолевых клетках методом адсорбционной катодной вольтамперометрии; Известия Томского политехнического университета [Известия ТПУ]; Т. 322, № 3 : Химия

מידע ביבליוגרפי
Parent link:Известия Томского политехнического университета [Известия ТПУ]/ Томский политехнический университет (ТПУ).— , 2000-
Т. 322, № 3 : Химия.— 2013.— [С. 112-115]
מחברים אחרים: Слепченко Г. Б. Галина Борисовна, Пичугина В. М. Валентина Максимовна, Черемпей Е. Г. Елена Геннадьевна, Щукина Т. И. Татьяна Иосифовна
סיכום:Заглавие с титульного листа
Электронная версия печатной публикации
Выбраны условия вольтамперометрического определения хрома шестивалентного на графитовых электродах с использованием дифенилкарбазида методом адсорбционной катодной вольтамперометрии. Разработана и метрологически аттестована вольтамперометрическая методика контроля опухолевых клеток на содержание хрома шестивалентного.
שפה:רוסית
יצא לאור: 2013
סדרה:Химия
נושאים:
גישה מקוונת:http://earchive.tpu.ru/bitstream/11683/4731/1/bulletin_tpu-2013-322-3-27.pdf
פורמט: אלקטרוני Book Chapter
KOHA link:https://koha.lib.tpu.ru/cgi-bin/koha/opac-detail.pl?biblionumber=236734

MARC

LEADER 00000nla2a2200000 4500
001 236734
005 20240213144643.0
035 |a (RuTPU)RU\TPU\book\257900 
035 |a RU\TPU\book\257899 
090 |a 236734 
100 |a 20130429d2013 k y0rusy50 ca 
101 0 |a rus 
102 |a RU 
135 |a drnn ---uucaa 
181 0 |a i  
182 0 |a b 
200 1 |a Контроль хрома в опухолевых клетках методом адсорбционной катодной вольтамперометрии  |f Г. Б. Слепченко [и др.] 
203 |a Текст  |c электронный 
215 |a 1 файл (169 Кб) 
225 1 |a Химия 
300 |a Заглавие с титульного листа 
300 |a Электронная версия печатной публикации 
320 |a [Библиогр.: с. 115 (8 назв.)] 
330 |a Выбраны условия вольтамперометрического определения хрома шестивалентного на графитовых электродах с использованием дифенилкарбазида методом адсорбционной катодной вольтамперометрии. Разработана и метрологически аттестована вольтамперометрическая методика контроля опухолевых клеток на содержание хрома шестивалентного. 
337 |a Adobe Reader 
461 1 |0 (RuTPU)RU\TPU\book\176237  |t Известия Томского политехнического университета [Известия ТПУ]  |f Томский политехнический университет (ТПУ)  |d 2000- 
463 1 |0 (RuTPU)RU\TPU\book\257547  |x 1684-8519  |t Т. 322, № 3 : Химия  |v [С. 112-115]  |d 2013  |p 143 с. 
610 1 |a вольтамперометрия 
610 1 |a хром 
610 1 |a биологические объекты 
610 1 |a пробоподготовка 
610 1 |a электроды 
610 1 |a методика 
610 1 |a метрологические характеристики 
610 1 |a труды учёных ТПУ 
610 1 |a электронный ресурс 
701 1 |a Слепченко  |b Г. Б.  |c химик  |c профессор Томского политехнического университета, доктор химических наук  |f 1956-  |g Галина Борисовна  |3 (RuTPU)RU\TPU\pers\25643  |9 11554 
701 1 |a Пичугина  |b В. М.  |c химик  |c научный сотрудник Томского политехнического университета  |f 1936-  |g Валентина Максимовна  |3 (RuTPU)RU\TPU\pers\28915 
701 1 |a Черемпей  |b Е. Г.  |c российский химик  |c научный сотрудник Томского политехнического университета  |f 1967-  |g Елена Геннадьевна  |3 (RuTPU)RU\TPU\pers\27251 
701 1 |a Щукина  |b Т. И.  |c российский химик  |c научный сотрудник лаборатории микропримесей Томского политехнического университета  |f 1964-  |g Татьяна Иосифовна  |3 (RuTPU)RU\TPU\pers\25657 
801 1 |a RU  |b 63413507  |c 20090623  |g PSBO 
801 2 |a RU  |b 63413507  |c 20220204  |g PSBO 
856 4 |u http://earchive.tpu.ru/bitstream/11683/4731/1/bulletin_tpu-2013-322-3-27.pdf 
942 |c CF